| 000 | 01446cam a2200385 a 4500 | ||
|---|---|---|---|
| 005 | 20191224041735.0 | ||
| 008 | 950915r1995 it grbs i000 0 eng d | ||
| 020 | _a9251036845 | ||
| 040 |
_aNNBG _cNNBG _dOCoLC _dDLC _dCO-BoIAVH |
||
| 041 | _aeng | ||
| 042 | _alccopycat | ||
| 082 | 0 | 4 |
_a338.17498 _bC78g |
| 100 | 1 | _aCoppen, J. J. W. | |
| 245 | 1 | 0 |
_aGum naval stores : _bturpentine and rosin from pine resin / _cJ.J.W. Coppen and G.A. Hone. |
| 246 | 3 | 0 | _aTurpentine and rosin from pine resin |
| 260 |
_aRome : _bFood and Agriculture Organization of the United Nations, _c1995. |
||
| 300 |
_aix, 62 p. ; _c29 cm. |
||
| 500 | _a"NRI, Natural Resources Institute." | ||
| 500 | _a"M-37"--T.p. verso. | ||
| 504 | _aIncludes bibliographical references (p. 41-42). | ||
| 650 | 0 | _aGums and resins industry. | |
| 650 | 0 | _aGomas y resinas industria. | |
| 650 | 0 | _aTurpentine industry and trade. | |
| 650 | 0 | _aLa trementina industria y el comercio. | |
| 650 | 0 | _aForest products industry. | |
| 650 | 0 | _aindustria de productos forestales. | |
| 650 | 0 | _aPine gum. | |
| 650 | 0 | _agoma de pino. | |
| 650 | 0 | _aNaval stores. | |
| 650 | 0 | _apertrechos navales. | |
| 700 | 1 | _aHone, Angus. | |
| 710 | 2 | _aFood and Agriculture Organization of the United Nations. | |
| 710 | 2 | _aNatural Resources Institute (Great Britain) | |
| 942 |
_2ddc _cLIBRO |
||
| 999 |
_c4386 _d4386 |
||